| 000 | 00811naa a2200205 i 4500 | ||
|---|---|---|---|
| 001 | 9864 | ||
| 003 | KOSZ 005 | ||
| 005 | 20180411101312.0 | ||
| 008 | 130304s2012 pl |000 0dpol | ||
| 040 |
_cBPK _dKOSZ 005/EG |
||
| 041 | 1 | _apol | |
| 080 | _a94(438).083 | ||
| 080 | _a316.64 | ||
| 080 | _a172 | ||
| 100 | 1 |
_aWERRA, Zbigniew. _bPolitechnika Koszalińska - Instytut Polityki Społecznej i Stosunków Międzynarodowych, _cZakład Stosunków Międzynarodowych _d2010 - . |
|
| 245 | 1 | 0 |
_aIdea solidarności społecznej niezależnego zrzeszenia studentw 1980-1981 / _cZbigniew Werra. |
| 650 | _aSolidarność społeczna. | ||
| 773 | 0 |
_iW : _tSolidarność : ludzie i idee / pod red. Marka Górki. - _dKoszalin : Wydaw. Uczelniane Politechniki Koszalińskiej, 2012. - _gs. 47-66 |
|
| 942 |
_2UKD _cROZ |
||
| 999 |
_c9864 _d9864 |
||